Normal view
MARC view
Entry Personal Name
001 - CONTROL NUMBER
- control field: 13496
003 - CONTROL NUMBER IDENTIFIER
- control field: dpl
005 - DATE AND TIME OF LATEST TRANSACTION
- control field: 20100814152422.0
008 - FIXED-LENGTH DATA ELEMENTS
- fixed length control field: 100814|||a|||||| | ||| d
040 ## - CATALOGING SOURCE
- Original cataloging agency: dpl
- Transcribing agency: dpl
100 ## - HEADING--PERSONAL NAME
- Personal name: Mythili, T.
670 ## - SOURCE DATA FOUND
- Source citation: Work cat.: (dpl): Mythili, T., Acanthaceae plants and their medicinal values /, 2009
670 ## - SOURCE DATA FOUND
- Source citation: Work cat.: (dpl): Mythili, T., Acanthaceae plants and their medicinal values /, 2009
